<?xml version="1.0" encoding="UTF-8"?>
<record
    xmlns:xsi="http://www.w3.org/2001/XMLSchema-instance"
    xsi:schemaLocation="http://www.loc.gov/MARC21/slim http://www.loc.gov/standards/marcxml/schema/MARC21slim.xsd"
    xmlns="http://www.loc.gov/MARC21/slim">

  <leader>01068nam0a2200253   4500</leader>
  <controlfield tag="001">RU\NLR\BIBL_A\010679377</controlfield>
  <controlfield tag="005">20250614083855.0</controlfield>
  <datafield tag="035" ind1=" " ind2=" ">
    <subfield code="a">(NLR Aleph) 010679377</subfield>
  </datafield>
  <datafield tag="090" ind1=" " ind2=" ">
    <subfield code="a">9640537</subfield>
    <subfield code="c">9640537</subfield>
  </datafield>
  <datafield tag="100" ind1=" " ind2=" ">
    <subfield code="a">20150225d1934    |||y0rusy50      ca</subfield>
  </datafield>
  <datafield tag="101" ind1="0" ind2=" ">
    <subfield code="a">sah</subfield>
  </datafield>
  <datafield tag="102" ind1=" " ind2=" ">
    <subfield code="a">RU</subfield>
  </datafield>
  <datafield tag="105" ind1=" " ind2=" ">
    <subfield code="a">y   z   000yy</subfield>
  </datafield>
  <datafield tag="200" ind1="1" ind2=" ">
    <subfield code="a">&#x4E8;&#x440;&#x4E9;&#x431;&#x4E9;&#x43B;&#x4AF;&#x4AF;&#x441;&#x4AF;&#x439;&#x435; &#x438;&#x43D;&#x43D;&#x438;&#x433;&#x435;&#x440; &#x43E;&#x445;&#x441;&#x443;&#x4BB;&#x430;&#x430;&#x447;&#x447;&#x44B;&#x43B;&#x430;&#x440;&#x433;&#x430; &#x43A;&#x4E9;&#x43C;&#x4E9;&#x43B;&#x4E9;&#x4BB;&#x4E9;&#x440; &#x430;&#x430;&#x43D;-&#x434;&#x43E;&#x439;&#x434;&#x443; &#x4AF;&#x440;&#x434;&#x4AF;&#x43D;&#x435;&#x435;&#x495;&#x438; &#x421;&#x421;&#x4E8;&#x421; &#x438;&#x4BB;&#x438;&#x43D;&#x435;&#x435;&#x495;&#x438; &#x441;&#x438;&#x44D;&#x43A;&#x441;&#x438;&#x439;&#x44D;&#x442;&#x438;&#x43D; &#x443;&#x441;&#x442;&#x430;&#x430;&#x431;&#x430;</subfield>
    <subfield code="g">&#x41A;&#x438;&#x440;&#x433;&#x438;&#x435;&#x43B;&#x435;&#x439; &#x422;&#x430;&#x430;&#x440;&#x44B;&#x441;&#x43A;&#x430;&#x439; &#x442;&#x44B;&#x43B;&#x431;.</subfield>
  </datafield>
  <datafield tag="210" ind1=" " ind2=" ">
    <subfield code="a">&#x41C;&#x43E;&#x441;&#x43A;&#x432;&#x430;</subfield>
    <subfield code="c">&#x41C;&#x41E;&#x41F;&#x420;</subfield>
    <subfield code="d">1934</subfield>
  </datafield>
  <datafield tag="215" ind1=" " ind2=" ">
    <subfield code="a">14,[2] &#x441;.</subfield>
    <subfield code="d">16</subfield>
  </datafield>
  <datafield tag="300" ind1=" " ind2=" ">
    <subfield code="a">&#x41B;&#x430;&#x442;&#x438;&#x43D;. &#x433;&#x440;&#x430;&#x444;&#x438;&#x43A;&#x430;</subfield>
  </datafield>
  <datafield tag="541" ind1="1" ind2=" ">
    <subfield code="a">&#x423;&#x441;&#x442;&#x430;&#x432; &#x441;&#x435;&#x43A;&#x446;&#x438;&#x438; &#x421;&#x421;&#x421;&#x420; &#x43C;&#x435;&#x436;&#x434;&#x443;&#x43D;&#x430;&#x440;&#x43E;&#x434;&#x43D;&#x43E;&#x439; &#x43E;&#x440;&#x433;&#x430;&#x43D;&#x438;&#x437;&#x430;&#x446;&#x438;&#x438; &#x43F;&#x43E;&#x43C;&#x43E;&#x449;&#x438; &#x431;&#x43E;&#x440;&#x446;&#x430;&#x43C; &#x440;&#x435;&#x432;&#x43E;&#x43B;&#x44E;&#x446;&#x438;&#x438;</subfield>
    <subfield code="z">rus</subfield>
  </datafield>
  <datafield tag="601" ind1="0" ind2="2">
    <subfield code="a">&#x41C;&#x41E;&#x41F;&#x420;</subfield>
    <subfield code="j">&#x423;&#x441;&#x442;&#x430;&#x432;&#x44B;, &#x43D;&#x430;&#x441;&#x442;&#x430;&#x432;&#x43B;&#x435;&#x43D;&#x438;&#x44F; &#x438; &#x442;.&#x43F;.</subfield>
    <subfield code="9">1575787</subfield>
    <subfield code="3">RU\NLR\AUTH\66691028</subfield>
  </datafield>
  <datafield tag="686" ind1="1" ind2=" ">
    <subfield code="a">&#x424;61(0)02</subfield>
  </datafield>
  <datafield tag="852" ind1=" " ind2=" ">
    <subfield code="a">NLR</subfield>
    <subfield code="b">&#x41E;&#x41D;&#x41B;</subfield>
    <subfield code="j">&#x42F;&#x43A;&#x443;&#x442;./2-161</subfield>
  </datafield>
  <datafield tag="942" ind1=" " ind2=" ">
    <subfield code="c">BOOK</subfield>
  </datafield>
  <datafield tag="980" ind1=" " ind2=" ">
    <subfield code="a">NB</subfield>
  </datafield>
  <datafield tag="995" ind1=" " ind2=" ">
    <subfield code="5">2015-02-25</subfield>
    <subfield code="b">NLR01</subfield>
    <subfield code="c">NLR01</subfield>
    <subfield code="e">ONL</subfield>
    <subfield code="f">1-697098</subfield>
    <subfield code="k">&#x41E;&#x41D;&#x41B; &#x42F;&#x43A;&#x443;&#x442;./2-161</subfield>
    <subfield code="o">0</subfield>
    <subfield code="r">BOOK</subfield>
    <subfield code="s">_2161</subfield>
  </datafield>
</record>
